<?xml version="1.0" encoding="UTF-8"?>
<record
    xmlns:xsi="http://www.w3.org/2001/XMLSchema-instance"
    xsi:schemaLocation="http://www.loc.gov/MARC21/slim http://www.loc.gov/standards/marcxml/schema/MARC21slim.xsd"
    xmlns="http://www.loc.gov/MARC21/slim">

  <leader>00893nam a2200181Ia 4500</leader>
  <controlfield tag="008">100920s9999    xx            000 0 und d</controlfield>
  <datafield tag="082" ind1=" " ind2=" ">
    <subfield code="b">88639</subfield>
    <subfield code="a">930 &#x925; 29</subfield>
  </datafield>
  <datafield tag="100" ind1=" " ind2=" ">
    <subfield code="a">&#x905;&#x92D;&#x94D;&#x92F;&#x902;&#x915;&#x930; &#x917;&#x923;&#x947;&#x936; &#x930;&#x918;&#x941;&#x928;&#x93E;&#x925; .</subfield>
  </datafield>
  <datafield tag="245" ind1=" " ind2=" ">
    <subfield code="a">&#x92E;&#x93F;&#x930;&#x91C; &#x938;&#x902;&#x938;&#x94D;&#x925;&#x93E;&#x928;&#x93E;&#x924;&#x940;&#x932; &#x938;&#x93E;&#x930;&#x93E;&#x935;&#x93E;&#x922; &#x906;&#x923;&#x93F; &#x930;&#x92F;&#x924;&#x93E;&#x902;&#x91A;&#x93E; &#x938;&#x924;&#x94D;&#x92F;&#x93E;&#x917;&#x94D;&#x930;&#x939;.</subfield>
  </datafield>
  <datafield tag="260" ind1=" " ind2=" ">
    <subfield code="b">&#x915;&#x947;&#x924;&#x915;&#x930; &#x917;&#x91C;&#x93E;&#x928;&#x928; &#x935;&#x93F;&#x936;&#x94D;&#x935;&#x928;&#x93E;&#x925;, &#x92A;&#x941;&#x923;&#x947;.</subfield>
    <subfield code="c">1929</subfield>
  </datafield>
  <datafield tag="300" ind1=" " ind2=" ">
    <subfield code="a">175</subfield>
    <subfield code="b">&#x938;&#x93E;&#x927;&#x940;</subfield>
  </datafield>
  <datafield tag="365" ind1=" " ind2=" ">
    <subfield code="b">1</subfield>
  </datafield>
  <datafield tag="520" ind1=" " ind2=" ">
    <subfield code="a">&#x907;&#x924;&#x93F;&#x939;&#x93E;&#x938;.</subfield>
  </datafield>
  <datafield tag="630" ind1=" " ind2=" ">
    <subfield code="a">&#x92E;&#x93F;&#x930;&#x91C; &#x938;&#x902;&#x938;&#x94D;&#x925;&#x93E;&#x928;&#x93E;&#x924;&#x940;&#x932; &#x938;&#x93E;&#x930;&#x93E;&#x935;&#x93E;&#x922; &#x906;&#x923;&#x93F; &#x930;&#x92F;&#x924;&#x93E;&#x902;&#x91A;&#x93E; &#x938;&#x924;&#x94D;&#x92F;&#x93E;&#x917;&#x94D;&#x930;&#x939;.</subfield>
  </datafield>
  <datafield tag="650" ind1=" " ind2=" ">
    <subfield code="a">&#x907;&#x924;&#x93F;&#x939;&#x93E;&#x938;.</subfield>
  </datafield>
  <datafield tag="730" ind1=" " ind2=" ">
    <subfield code="a">&#x92E;&#x93F;&#x930;&#x91C; &#x938;&#x902;&#x938;&#x94D;&#x925;&#x93E;&#x928;&#x93E;&#x924;&#x940;&#x932; &#x938;&#x93E;&#x930;&#x93E;&#x935;&#x93E;&#x922; &#x906;&#x923;&#x93F; &#x930;&#x92F;&#x924;&#x93E;&#x902;&#x91A;&#x93E; &#x938;&#x924;&#x94D;&#x92F;&#x93E;&#x917;&#x94D;&#x930;&#x939;.</subfield>
  </datafield>
  <datafield tag="942" ind1=" " ind2=" ">
    <subfield code="c">BOOK</subfield>
  </datafield>
  <datafield tag="999" ind1=" " ind2=" ">
    <subfield code="c">729142</subfield>
    <subfield code="d">729139</subfield>
  </datafield>
  <datafield tag="952" ind1=" " ind2=" ">
    <subfield code="0">0</subfield>
    <subfield code="1">0</subfield>
    <subfield code="4">0</subfield>
    <subfield code="7">0</subfield>
    <subfield code="a">SATVAC</subfield>
    <subfield code="b">SATVAC</subfield>
    <subfield code="c">930 &#x925; 29</subfield>
    <subfield code="d">0000-00-00</subfield>
    <subfield code="g">1.00</subfield>
    <subfield code="l">0</subfield>
    <subfield code="p">SATVAC-88639</subfield>
    <subfield code="r">2010-09-20 00:00:00</subfield>
    <subfield code="w">2010-09-20</subfield>
    <subfield code="y">BOOK</subfield>
    <subfield code="z">&#x926;&#x947;&#x935;&#x918;&#x947;&#x935;</subfield>
  </datafield>
</record>
